LEADER 01219nam a2200277 i 4500 001 000000044809 003 CaOOAMICUS 005 20030324000000.0 008 030324s1997 fr u000 u fre u 013 $a15979 020 $a2-204-05533-2 040 $aSeMil$bita 100 1 $aRigal, Jean,$d<1929- >.$0(OLS)http://semarc/name/22321 245 12$aL'ecclésiologie de communion :$bson évolution historique et ses fondements /$cJean Rigal. 260 $aParis :$bLes Éditions du Cerf,$ccopyr. 1997 (stampa 2000) 300 $a392 p. ;$c22 cm. 490 0 $aCogitatio Fidei [Cerf]i ;$v202 500 $aContiene : Bibliographie succinte. 650 4$aEcclesiologia - Comunione.$0(OLS)http://semarc/subject/5747 830 0$aCogitatio Fidei ;$v202.$0(OLS)http://semarc/title/206 850 $aSeMil 852 $aSeMil$W1$xVenegono$y1$m2BA N 202$j10964$B10964$CSeMilBibl$Z2$F10964 $81 961 $aOmaggio: Bressan don Luca 996 $6020$a2-204-05533-2$9(OLS)http://semarc/number/16788 996 $6245$aL'ecclésiologie de communion :$bson évolution historique et ses fondements$9(OLS)http://semarc/title/66435 996 $6260$aParis :$bLes Éditions du Cerf$9(OLS)http://semarc/publisher/29611 LEADER 01529nam a2200301 i 4500 001 000000344770 003 CaOOAMICUS 005 20210427110004.0 008 210310s2008 it u000 u mul u 013 $a140048 020 $a978-88-452-6060-5 040 $aSeMil$bita 100 1 $aKierkegaard, Søren,$d<1813-1855>.$0(OLS)http://semarc/name/652 240 10$aReferat af Schellings Forelaesninger i Berlin 1841-1842 over Philosophie der Offenbarung.$0(OLS)http://semarc/title/433858 245 10$aAppunti delle lezioni berlinesi di Schelling sulla Filosofia della rivelazione, 1841-1842 /$cSøren Kierkegaard ; introduzione, traduzione, note e apparati di Ingrid Basso. 264 1$aMilano :$bBompiani,$c2008. 300 $aXCV, 549 p. ;$c21 cm 490 1 $aBompiani. Testi a fronte ;$v115 546 $aTesto danese a fronte 700 1 $aBasso, Ingrid,$d<1976- >.$0(OLS)http://semarc/name/64419 700 1 $aSchelling, Friedrich Wilhelm Joseph : von ,$d<1775-1854>.$0(OLS)http://semarc/name/20353 830 0$aBompiani. Testi a fronte ;$v115.$0(OLS)http://semarc/title/12808 850 $aSeMil 852 $aSeMil$W1$xVenegono$y1$m2NA V 115$j271322$B235804$CSeMilBibl$Z2$F235804 $81 996 $6020$a978-88-452-6060-5$9(OLS)http://semarc/number/292572 996 $6245$aAppunti delle lezioni berlinesi di Schelling sulla Filosofia della rivelazione, 1841-1842$9(OLS)http://semarc/title/433857 996 $6264$aMilano :$bBompiani$9(OLS)http://semarc/publisher/29706